| 000 | 00462 a2200145 4500 | ||
|---|---|---|---|
| 005 | 20250410143759.0 | ||
| 020 | _a0 7121 1376 2 | ||
| 082 | _a651. 75 GAL | ||
| 100 | _aGARTSIDE, L. | ||
| 245 | _aModel Business Letters: A Classified Selection of Modern Business Letters for use in Schools and in Business | ||
| 250 | _a2nd Ed. | ||
| 260 |
_aPlymouth, _bMacDonald, _c1974. |
||
| 300 |
_axii, 404p.: ill.; figure, table. _bGlossary, index. _c21cm. |
||
| 942 |
_2ddc _cBKS |
||
| 999 |
_c1279 _d1279 |
||